Normal view
MARC view
- Pakistan
Entry Geographic Name
001 - CONTROL NUMBER
- control field: 2783
003 - CONTROL NUMBER IDENTIFIER
- control field: NUST
005 - DATE AND TIME OF LATEST TRANSACTION
- control field: 20170616100454.0
008 - FIXED-LENGTH DATA ELEMENTS
- fixed length control field: 170616|| aca||aabn | a|a d
040 ## - CATALOGING SOURCE
- Original cataloging agency: NUST
- Transcribing agency: NUST
151 ## - HEADING--GEOGRAPHIC NAME
- Geographic name: Pakistan
- General subdivision: Economic conditions.
670 ## - SOURCE DATA FOUND
- Source citation: Work cat.: (NUST)0: Burki, Shahid Javed. 2782, Changing perceptions, altered reality :, 2007.
